000
00353nam a2200169Ia 4500
100
_a
Joshi/P.H
650
_a
Jigs and fixtures
250
_a
3
942
_c
BK
366
_f
20
245
_a
Jigs and Fixtures
260
_b
Tata Mc Graw hill Ltd.
_c
2011
082
_a
621.992
_b
JOS
300
_a
276
546
_a
ENGLISH
_c
Info.Tech
999
_c
35241
_d
35241